<?xml version="1.0" encoding="UTF-8"?>
<record
    xmlns:xsi="http://www.w3.org/2001/XMLSchema-instance"
    xsi:schemaLocation="http://www.loc.gov/MARC21/slim http://www.loc.gov/standards/marcxml/schema/MARC21slim.xsd"
    xmlns="http://www.loc.gov/MARC21/slim">

  <leader>02581cam a22003013i 4500</leader>
  <controlfield tag="001">12858487</controlfield>
  <controlfield tag="005">20251029133641.0</controlfield>
  <controlfield tag="008">231004t20232023quc    e      000 1 fre d</controlfield>
  <datafield tag="020" ind1=" " ind2=" ">
    <subfield code="a">9782925141709</subfield>
  </datafield>
  <datafield tag="035" ind1=" " ind2=" ">
    <subfield code="a">(OCoLC)on1395955908</subfield>
  </datafield>
  <datafield tag="035" ind1=" " ind2=" ">
    <subfield code="a">(CaBVaU)12858487</subfield>
  </datafield>
  <datafield tag="037" ind1=" " ind2=" ">
    <subfield code="a">204025355</subfield>
    <subfield code="b">Groupe Archambault</subfield>
  </datafield>
  <datafield tag="040" ind1=" " ind2=" ">
    <subfield code="a">TOH</subfield>
    <subfield code="b">eng</subfield>
    <subfield code="c">TOH</subfield>
    <subfield code="e">rda</subfield>
    <subfield code="d">OCLCQ</subfield>
    <subfield code="d">UBC</subfield>
    <subfield code="d">UtOrBLW</subfield>
  </datafield>
  <datafield tag="041" ind1=" " ind2=" ">
    <subfield code="a">fre</subfield>
  </datafield>
  <datafield tag="050" ind1=" " ind2="4">
    <subfield code="a">PS8613.O342</subfield>
    <subfield code="b">C66 2023</subfield>
  </datafield>
  <datafield tag="100" ind1=" " ind2=" ">
    <subfield code="a">Godin, Louis-Daniel</subfield>
    <subfield code="e">author</subfield>
    <subfield code="9">26348</subfield>
  </datafield>
  <datafield tag="245" ind1="1" ind2="3">
    <subfield code="a">Le compte est bon</subfield>
    <subfield code="c">/ Louis-Daniel Godin.</subfield>
  </datafield>
  <datafield tag="260" ind1=" " ind2=" ">
    <subfield code="a">Saguenay (Quebec) :</subfield>
    <subfield code="b">Editions la Peuplade,</subfield>
    <subfield code="c">2023.</subfield>
  </datafield>
  <datafield tag="300" ind1=" " ind2=" ">
    <subfield code="a">261 pages ;</subfield>
    <subfield code="c">19 cm.</subfield>
  </datafield>
  <datafield tag="520" ind1=" " ind2=" ">
    <subfield code="a">Children are born in cabbages, you can buy cabbages at the grocery store, you can buy children. The child arrives in his family at the age of five days. At a very young age, love and money tormented him. Do you owe someone a debt when you are adopted? From then on, he continues to obsessively count the losses and gains: a pilfered chocolate, a confiscated twenty-dollar bill, the prize from a game show, gifts to his mother as well as failed acts. But how can you find what you're looking for? How can you count yourself when a gap, a breach, a hole, appears between childhood memories and what really was, between your social environment and your new passions? How can we fill this hole represented by the first five days of life where we were floating between two names?</subfield>
  </datafield>
  <datafield tag="520" ind1=" " ind2=" ">
    <subfield code="a">Les enfants naissent dans les choux, on peut acheter des choux &#xE0; l&#x2019;&#xE9;picerie, donc on peut acheter des enfants. L&#x2019;enfant arrive dans sa famille &#xE0; l&#x2019;&#xE2;ge de cinq jours. Tr&#xE8;s t&#xF4;t, l&#x2019;amour et l&#x2019;argent le tourmentent. Doit-on une dette &#xE0; quelqu&#x2019;un lorsqu&#x2019;on est adopt&#xE9; ? D&#xE8;s lors, il ne cesse de compter obsessivement les pertes et les gains : un chocolat chapard&#xE9;, un billet de vingt dollars confisqu&#xE9;, le gain d&#x2019;un jeu t&#xE9;l&#xE9;vis&#xE9;, les cadeaux offerts &#xE0; sa m&#xE8;re comme autant d&#x2019;actes manqu&#xE9;s.

Mais comment retrouver ce que l&#x2019;on cherche ? Comment se compter soi-m&#xEA;me lorsqu&#x2019;un &#xE9;cart, une br&#xE8;che, un trou s&#x2019;ouvre entre les souvenirs d&#x2019;enfance et ce qui a r&#xE9;ellement &#xE9;t&#xE9;, entre son milieu social et ses nouvelles passions ? Comment combler ce vide repr&#xE9;sent&#xE9; par les cinq premiers jours de la vie, durant lesquels on flottait entre deux noms ?</subfield>
  </datafield>
  <datafield tag="650" ind1=" " ind2="0">
    <subfield code="a">Adopted children</subfield>
    <subfield code="v">Fiction</subfield>
    <subfield code="9">26223</subfield>
  </datafield>
  <datafield tag="650" ind1=" " ind2="0">
    <subfield code="a">Adoptive parents</subfield>
    <subfield code="v">Fiction</subfield>
    <subfield code="9">26354</subfield>
  </datafield>
  <datafield tag="650" ind1=" " ind2="0">
    <subfield code="a">Identity (Psychology)</subfield>
    <subfield code="v">Fiction</subfield>
    <subfield code="9">23963</subfield>
  </datafield>
  <datafield tag="650" ind1=" " ind2="0">
    <subfield code="a">Memory</subfield>
    <subfield code="v">Fiction</subfield>
    <subfield code="9">10588</subfield>
  </datafield>
  <datafield tag="651" ind1=" " ind2="0">
    <subfield code="a">Qu&#xE9;bec (Province)</subfield>
    <subfield code="v">Fiction</subfield>
    <subfield code="9">26355</subfield>
  </datafield>
  <datafield tag="942" ind1=" " ind2=" ">
    <subfield code="2">lcc</subfield>
  </datafield>
  <datafield tag="952" ind1=" " ind2=" ">
    <subfield code="0">0</subfield>
    <subfield code="1">0</subfield>
    <subfield code="2">lcc</subfield>
    <subfield code="4">0</subfield>
    <subfield code="7">0</subfield>
    <subfield code="a">TBS</subfield>
    <subfield code="b">TBS</subfield>
    <subfield code="d">2025-10-29</subfield>
    <subfield code="l">0</subfield>
    <subfield code="o">P-FR GOD</subfield>
    <subfield code="p">B06051</subfield>
    <subfield code="r">2025-10-29</subfield>
    <subfield code="t">1</subfield>
    <subfield code="w">2025-10-29</subfield>
    <subfield code="y">1</subfield>
  </datafield>
  <datafield tag="999" ind1=" " ind2=" ">
    <subfield code="c">5116</subfield>
    <subfield code="d">5116</subfield>
  </datafield>
</record>
